| 000 | nam a22 7a 4500 | ||
|---|---|---|---|
| 999 |
_c11477 _d11475 |
||
| 008 | 181017b xxu||||| |||| 00| 0 eng d | ||
| 022 |
_aARCH2303 _bAssociate Degree _cArchitectural and Construction Technology _d2 |
||
| 245 |
_aAdvanced Architectural Drafting Examination Paper August 2016 _cCCCJ |
||
| 260 |
_aKingston, Jamaica _bCCCJ _c2016 |
||
| 856 | _uhttp://wplrc.ecc.edu.jm/cgi-bin/koha/opac-retrieve-file.pl?id=9b258d1c21edc47907ccb25e712c852e | ||
| 942 | _cPP | ||